000 00883nam a22002531u 4500
001 07086
003 HDC
007 cr bn ---
008 210126p9999 o d 00 engg
040 _aHDC
100 _aHj. Abdul Rahman
_eauthor
_97575
245 0 _aPhilippine Halal Certification And Standards / by
_cHj. Abdul Rahman
260 _a[No Place] :
_b[publisher not identified],
_c[no year]
300 _a19 pages :
_billustrations
336 _atext
_2rdacontent
337 _acomputer
_2rdamedia
338 _aonline resource
_2rdacarrier
650 _aHalal certification
_zPhilippine
_97576
650 _ahalal standard
_91151
856 _zRequest full-text at [email protected]
942 _2lcc
942 _cSLIDE
942 _kSLID 000247
999 _c4410
_d4410